000 00296nam a22001337a 4500
008 170921b xxu||||| |||| 00| 0 eng d
020 _a9780073401348
041 _aeng
080 _26 ED
_a78
100 _a45
101 _aMUZ
245 _aMUSIC AN APPRECIATION
_cKAMIEN.R
942 _2udc
_cBK
999 _c28695
_d28695